The changing institutional landscape of planning (Record no. 101641)

MARC details
000 -LEADER
fixed length control field 00730cam a2200253 4500
008 - FIXED-LENGTH DATA ELEMENTS--GENERAL INFORMATION
fixed length control field 010921n2001 000 0 eng u
020 ## - INTERNATIONAL STANDARD BOOK NUMBER
International Standard Book Number 0754613747
035 ## - SYSTEM CONTROL NUMBER
System control number (Sirsi) u114713
050 ## - LIBRARY OF CONGRESS CALL NUMBER
Classification number 711.4094
100 ## - MAIN ENTRY--PERSONAL NAME
Personal name Albrechts, L.
-- Editor
245 #4 - TITLE STATEMENT
Title The changing institutional landscape of planning
260 ## - PUBLICATION, DISTRIBUTION, ETC.
Place of publication, distribution, etc. Aldershot
Name of publisher, distributor, etc. Ashgate
Date of publication, distribution, etc. 2001
300 ## - PHYSICAL DESCRIPTION
Extent xii,275p.
Dimensions 22cm.
350 ## - PRICE (NR) (BK AM CF MU VM SE) [OBSOLETE]
Price 37.50
490 ## - SERIES STATEMENT
Series statement Urban and Regional Planning and Development
650 ## - SUBJECT ADDED ENTRY--TOPICAL TERM
Topical term or geographic name entry element CITY PLANNING
650 ## - SUBJECT ADDED ENTRY--TOPICAL TERM
Topical term or geographic name entry element PLANNING POLICY
650 ## - SUBJECT ADDED ENTRY--TOPICAL TERM
Topical term or geographic name entry element TOWN PLANNING
650 ## - SUBJECT ADDED ENTRY--TOPICAL TERM
Topical term or geographic name entry element URBAN PLANNING
690 ## - LOCAL SUBJECT ADDED ENTRY--TOPICAL TERM (OCLC, RLIN)
Topical term or geographic name as entry element ENVIRONMENTAL AND LAND CONSULTANCY-PLANNING AND DEVELOPMENT
700 ## - ADDED ENTRY--PERSONAL NAME
Personal name Alden, J.
700 ## - ADDED ENTRY--PERSONAL NAME
Personal name da Rosa Pires, A.
942 ## - ADDED ENTRY ELEMENTS (KOHA)
Suppress in OPAC 0
Holdings
Withdrawn status Lost status Source of classification or shelving scheme Damaged status Not for loan Home library Current library Shelving location Date acquired Cost, normal purchase price Total Checkouts Full call number Barcode Date last seen Date last checked out Copy number Cost, replacement price Price effective from Koha item type
    Dewey Decimal Classification     London London Books 12/11/2001 31.87 4 711.4094 ALB 30062684 06/08/2019 24/10/2005 1 31.87 06/08/2019 Book